| 000 | 00625nam a2200205 i 4500 | ||
|---|---|---|---|
| 001 | bg | ||
| 100 | 1 | _aKAPITANIAK, Tomasz | |
| 245 | 0 |
_aWstęp do teorii drgań / _cTomasz Kapitaniak. |
|
| 260 |
_aŁódź : _bPŁ, _c1992. |
||
| 300 |
_a[6], 169, [1] s. : _brys., wykr. ; _c24 cm. |
||
| 490 | 1 | _aSkrypty dla Szkół Wyższych / Politechnika Łódzka | |
| 504 | _aBibliogr. s. [171]. | ||
| 710 | _aPOLITECHNIKA ŁÓDZKA (Łódź) | ||
| 830 | 0 | _aSkrypty dla Szkół Wyższych (Politechnika Łódzka) | |
| 040 | _cBPK | ||
| 041 | _apol | ||
| 080 | _a534(075.8) | ||
| 942 | _cKS | ||
| 008 | s pl f |000 0 pol | ||
| 999 |
_c6351 _d6351 |
||
| 856 |
_uhttp://koha.tu.koszalin.pl/cgi-bin/koha/opac-detail.pl?biblionumber=6351 _yKatalog online BPK |
||